000 00701cam a2200181 i 4500
005 20251223114249.0
008 250721s9999 ua gr 000 0 ara d
082 1 4 _a218.32
_bح س ن
100 1 _aالحسني، محمد بن علوي المالكي
_eمؤلف.
245 1 0 _aوهو بالأفق الأعلى /
_cبقلم السيد محمد بن علوي المالكي الحسني.
264 3 1 _aالقاهرة :
_bدار جوامع الكلمة للنشر و التوزيع،
_c[19-].
300 _a368 صفحة.
650 1 7 _aالإسراء والمعراج.
650 1 7 _aمحمد رسول الله.
650 1 7 _aالمعجزات.
942 _2ddc
_cBK
999 _c98923
_d98923